| 000 | 00676nam a22001937a 4500 | ||
|---|---|---|---|
| 005 | 20250325161033.0 | ||
| 010 | _aENG-144209 | ||
| 020 | _a9789391978549 | ||
| 035 | _aEN-127741 | ||
| 037 | _bShipra Publication | ||
| 082 | _a910 | ||
| 100 |
_aboral, Mousumi _979911 |
||
| 245 |
_aPedagogy of Geograhy: _bpracticals and Practicum/ _cMousumi Boral |
||
| 260 |
_aNew Delhi _bShipra Publication _c2024 |
||
| 270 |
_aLG 18-19, pankaj Central Market, I.P. Ext., Patparganj _bDelhi _e110092 _k+91 11 47322068;9650028065, 9810522367 _minfo@shiprapublication.com |
||
| 300 |
_a178p. _c23.5cm.(pb) |
||
| 942 |
_2ddc _cEN _h910 _mBOR _e1 |
||
| 999 |
_c210497 _d210497 |
||